Podium du rallye du Béthunois - Statistiques

Statistiques générales
  • Ce quiz a été pris 3 fois
  • Le résultat moyen est 26 sur 69
Statistiques - réponses
Année Réponses 1er 2eme 3eme % Correct
2013 Christophe Wilt Laurent Bayard Sébastien Deraedt Steve Hendy
100%
2015 David Salanon Laurent Bayard Claudie Tanghe Yves Saint Requier
100%
2016 Jérémi Ancian David Salanon Steve Hendy Graham Coffey
100%
2023 Laurent Bayard Hugues Lapouille Vivien Macé Jean-Luc Debove
100%
1992 Patrick Perrin Michel Rats Christian Gazaud Patrick Vernet
100%
1983 Sabir Gany José Mailliet Philippe Vernier Dominique Perrard
100%
Finale 2022 Samuel Salaun Thomas Chauffray Jérémi Ancian David Salanon
100%
2014 Stéphane Lefebvre Laurent Bayard Steve Hendy Thierry Dubois
100%
2020 Thomas Chauffray Stéphane Lefebvre Samuel Salaun Laurent Bayard
100%
2017 Thomas Chauffray Stéphane Lefebvre Mickaël Reydellet Peter Taylor
100%
2024 Victorien Heuninck Victorien Heuninck Laurent Bayard Samuel Salaun
100%
2003 Yves Saint Requier José Barbara Jimmy Mannessier Valentin Cédric
100%
1999 Anthony Mortier Christophe Rémy Alain Flament Franck Anne
67%
2004 Claudie Tanghe José Barbara Melissa Debackere Valentin Cédric
67%
2012 Garry Jennings Laurent Bayard José Barbara Sébastien Deraedt
67%
2005 Graham Coffey Jimmy Mannessier Claudie Tanghe Vincent Christiann
67%
2021 Hugues Lapouille Stéphane Lefebvre Laurent Bayard Samuel Salaun
67%
2018 Jean-Luc Debove Garry Jennings Marc Amourette Christophe Wilt
67%
1996 Jimmy Mannessier Sylvain Polo Michel Rats Claudie Tanghe
67%
1994 Johan Vanson Hugues Delage Pierre Bos Sabir Gany
67%
2000 José Barbara Sylvain Polo Claudie Tanghe Patrick Perrin
67%
2011 Marc Amourette José Barbara Steve Hendy Anthony Mortier
67%
2009 Mickaël Reydellet Vincent Christiann Marc Amourette Samuel Salaun
67%
2007 Peter Taylor José Barbara Valentin Cédric Anthony Mortier
67%
1978 Philippe Bugalski William Aidan Bernard Truant Gérard Dehove
67%
2006 Steve Hendy Jimmy Mannessier José Barbara Vincent Christiann
67%
1998 Vincent Christiann Mark Champeau Fabrice Morel Lionel Montagne
67%
2019 Vivien Macé Christophe Wilt Victorien Heuninck Stéphane Lefebvre
67%
1988 Alain Flament José Barbara Philippe Vernier Philippe Fleury
33%
1976 Christian Gazaud Bernard Mathon Hervé Quent Gérard Halm
33%
1989 Christophe Rémy José Barbara René Develay Fabien Doenlen
33%
1987 Franck Anne Philippe Vernier Bernard Delesalle José Barbara
33%
1980 Hugues Delage Pierre Bos Jean-Louis Probst José Mailliet
33%
1981 Jean Galpin Bernard Mathon Philippe Vernier Dominique Perrard
33%
1986 Mark Champeau Bernard Mathon Jean-Marc Ivens Bernard Delesalle
33%
1982 Michel Rats Jean-Paul Bouquet José Mailliet Bernard Mathon
33%
1991 Sylvain Polo José Barbara Gérard Maurin Sabir Gany
33%
2002 Thierry Dubois Johan Vanson Patrick Valcke Patrick Perrin
33%
1997 Valentin Cédric Sabir Gany Michel Rats Claudie Tanghe
33%
Bernard Bottini
0%
Bernard Delesalle
0%
Bernard Mathon
0%
Bernard Truant
0%
Claude Pecqueriaux
0%
Dominique Perrard
0%
Fabien Doenlen
0%
1985 Fabrice Morel Dominique Perrard Bernard Mathon Claude Pecqueriaux
0%
1990 Franck Darras José Barbara William Massias Jacques Tasso
0%
Gérard Dehove
0%
Gérard Halm
0%
Gérard Maurin
0%
Hervé Quent
0%
1977 Jacques Tasso Joël Flour Bernard Mathon Bernard Truant
0%
Jean-Louis Probst
0%
Jean-Marc Ivens
0%
Jean-Paul Bouquet
0%
Joël Flour
0%
José Mailliet
0%
1984 Lionel Montagne Bernard Mathon Dominique Perrard Bernard Bottini
0%
1995 Melissa Debackere Sabir Gany Jean Galpin José Barbara
0%
1993 Patrick Valcke Sabir Gany Philippe Bugalski Jacques Tasso
0%
Patrick Vernet
0%
Philippe Fleury
0%
Philippe Vernier
0%
1979 Pierre Bos Joël Flour Pierre Bos Jean-Marc Ivens
0%
René Develay
0%
2001 Sébastien Deraedt Sylvain Polo Jimmy Mannessier Franck Darras
0%
William Aidan
0%
William Massias
0%
Aucun quiz correspondant
Distribution des résultats
% des personnes avec chaque résultat
Percentile par nombre de réponses
Votre historique - résultats
Vous n’avez pas pris ce quiz